Un air de familles : le grand livre des petites differences /

Gardado en:
Detalles Bibliográficos
Autor Principal: Boutignon, Beatrice
Formato: Libro
Idioma:francés
Publicado: Paris : Le Baron perché, 2013
Tags: Engadir etiqueta
Sen Etiquetas, Sexa o primeiro en etiquetar este rexistro!

MARC

LEADER 00000nam a22000007i 4500
001 IT\ICCU\UBO\4053254
003 ItRI
005 20260115232018.0
008 140116s2013 fr |||||| ||||| |||||c
020 |a 9782360800704 
040 |b ita  |c importazione bologna sebina 
041 7 |a fre  |2 ISO-639-2 
100 1 |a Boutignon, Beatrice  |0 IT\ICCU\UBOV\366310 
245 1 3 |a Un air de familles :  |b le grand livre des petites differences /  |c Beatrice Boutignon. 
260 |a Paris :  |b Le Baron perché,  |c 2013 
300 |a 1 v. (senza paginazione) :  |b in gran parte ill. ;  |c 19x26 cm 
942 |2 ddc  |c BK  |n 0 
952 |0 0  |1 0  |4 0  |6 R_843_920000000000000_BOU  |7 0  |9 18875  |a BO  |b BO  |d 2026-01-15  |i 17318  |l 0  |o R 843.92 BOU  |p BO17318  |r 2026-01-15 23:20:18  |w 2026-01-15  |x [Sebina 5] [1 v.]  |y BK  |z 1 v. 
999 |c 16035  |d 16035